[Event "GER-chT U12"]
[Site "Verden an der Aller"]
[Date "2002.12.29"]
[Round "5.4"]
[White "Linsenmeyer, Mario"]
[Black "Kindler, Nico"]
[Result "1-0"]
[WhiteElo "1267"]
[BlackElo "1367"]
[PlyCount "145"]
[EventDate "2002.12.27"]
[EventType "team"]
[EventRounds "7"]
[EventCountry "GER"]
[SourceTitle "CBM 092 Extra"]
[Source "ChessBase"]
[SourceDate "2003.03.07"]
[SourceVersion "1"]
[SourceVersionDate "2003.03.07"]
[SourceQuality "1"]

1. e4 e5 2. Nf3 Nc6 3. Bc4 Bc5 4. c3 d6 5. 0-0 Nf6 6. d4 exd4 7. cxd4 Bb6 8. Nc3 0-0 9. h3 Bd7 10. Be3 Qc8 11. Kh2 Re8 12. Qb1 h6 13. Re1 Re7 14. d5 Ne5 15. Nd2 Bxe3 16. Rxe3 Neg4+ 17. hxg4 Nxg4+ 18. Kg1 Nxe3 19. fxe3 Re5 20. Nf3 Re7 21. Qd3 Bg4 22. Rf1 f5 23. exf5 Qxf5 24. Qxf5 Bxf5 25. Nd4 Bg6 26. Re1 Rae8 27. Kf2 Rf8+ 28. Kg1 Ref7 29. Ne6 Rc8 30. Rf1 Rxf1+ 31. Kxf1 a6 32. Ke2 Re8 33. Kf3 Re7 34. e4 Rf7+ 35. Ke3 b5 36. Bb3 Kh7 37. a4 b4 38. Ne2 Rf1 39. Nxc7 a5 40. Bc4 Re1 41. b3 Kg8 42. Nb5 Kf8 43. Nxd6 Ke7 44. Nb7 h5 45. Nxa5 h4 46. Nc6+ Kd6 47. Nxb4 Rh1 48. a5 Ra1 49. a6 Be8 50. Nd4 g5 51. Nbc6 g4 52. Nf5+ Kc7 53. Nxh4 Bxc6 54. dxc6 Kxc6 55. Kf4 Re1 56. e5 Kc7 57. e6 Kd8 58. Kxg4 Re4+ 59. Kf3 Re5 60. Kf4 Ra5 61. Nf5 Ke8 62. g4 Rc5 63. g5 Rc7 64. g6 Kf8 65. g7+ Kg8 66. e7+ Rxc4+ 67. bxc4 Kf7 68. e8Q+ Kxe8 69. g8Q+ Kd7 70. Qg6 Kc7 71. Ke5 Kd7 72. Qd6+ Kc8 73. Ne7# 1-0

[Event "GER-chT U12"]
[Site "Verden an der Aller"]
[Date "2002.12.28"]
[Round "4.4"]
[White "Kindler, Nico"]
[Black "Kaase, Julian"]
[Result "1/2-1/2"]
[WhiteElo "1367"]
[BlackElo "1227"]
[PlyCount "84"]
[EventDate "2002.12.27"]
[EventType "team"]
[EventRounds "7"]
[EventCountry "GER"]
[SourceTitle "CBM 092 Extra"]
[Source "ChessBase"]
[SourceDate "2003.03.07"]
[SourceVersion "1"]
[SourceVersionDate "2003.03.07"]
[SourceQuality "1"]

1. e4 c5 2. Nf3 Nc6 3. Bc4 e5 4. d3 h6 5. h3 Nf6 6. 0-0 d6 7. Nc3 Be7 8. Be3 b6 9. Nd5 0-0 10. c3 Bb7 11. Re1 Rc8 12. Qc1 Kh7 13. Qc2 Qd7 14. d4 Kh8 15. dxc5 bxc5 16. Qc1 Kh7 17. Rb1 Na5 18. b3 Rb8 19. Qa3 Bxd5 20. Bxd5 Nxd5 21. Qxa5 Nc7 22. c4 Rfc8 23. Qc3 Na6 24. Qd3 Rb7 25. Rb2 Bf6 26. Reb1 Rc6 27. a3 Rcb6 28. b4 Qa4 29. b5 Nc7 30. Kh1 a6 31. bxa6 Qxa6 32. Rxb6 Rxb6 33. Rxb6 Qxb6 34. a4 Na6 35. a5 Qc6 36. Qd5 Qc7 37. Ne1 Bh4 38. g3 Bf6 39. Nc2 Qd7 40. Kg2 Kg6 41. g4 Bh4 42. f4 f6 1/2-1/2

[Event "GER-chT U12"]
[Site "Verden an der Aller"]
[Date "2002.12.27"]
[Round "1.4"]
[White "Lorenz, Nicole"]
[Black "Kindler, Nico"]
[Result "1/2-1/2"]
[WhiteElo "1206"]
[BlackElo "1246"]
[PlyCount "81"]
[EventDate "2002.12.27"]
[EventType "team"]
[EventRounds "7"]
[EventCountry "GER"]
[SourceTitle "CBM 092 Extra"]
[Source "ChessBase"]
[SourceDate "2003.03.07"]
[SourceVersion "1"]
[SourceVersionDate "2003.03.07"]
[SourceQuality "1"]

1. d4 Nf6 2. c4 d5 3. cxd5 Qxd5 4. Nc3 Qd6 5. Nf3 Bg4 6. Ne5 Nc6 7. Nxg4 Nxg4 8. e3 Nf6 9. Bd3 g6 10. 0-0 Bg7 11. Bd2 0-0 12. Rc1 Rac8 13. Ne2 e5 14. Bc3 Nd5 15. dxe5 Nxe5 16. Be4 Nxc3 17. Nxc3 Qxd1 18. Rfxd1 c6 19. f4 Nc4 20. b3 Nxe3 21. Rd7 Rb8 22. Na4 Rfd8 23. Rxd8+ Rxd8 24. Re1 Rd1 25. Rxd1 Nxd1 26. Bf3 Nc3 27. Nxc3 Bxc3 28. Kf2 Kf8 29. Ke3 Ke7 30. Kd3 Bf6 31. Kc4 Kd6 32. a4 a5 33. g3 Be7 34. Bg4 f5 35. Bf3 g5 36. fxg5 Bxg5 37. Kd4 f4 38. gxf4 Bxf4 39. h3 h6 40. Be4 b6 41. Bf5 1/2-1/2

[Event "GER-chT U12"]
[Site "Seifhennersdorf"]
[Date "2001.12.30"]
[Round "7.4"]
[White "Kindler, Nico"]
[Black "Merx, Tim"]
[Result "1/2-1/2"]
[WhiteElo "1324"]
[BlackElo "1013"]
[PlyCount "61"]
[EventDate "2001.12.27"]
[EventType "team"]
[EventRounds "7"]
[EventCountry "GER"]
[SourceTitle "EXT 2003"]
[Source "ChessBase"]
[SourceDate "2002.11.25"]
[SourceVersion "1"]
[SourceVersionDate "2002.11.25"]
[SourceQuality "1"]

1. e4 e5 2. Nf3 Nc6 3. Bc4 Be7 4. 0-0 Nf6 5. Nc3 0-0 6. d3 d6 7. h3 h6 8. Re1 b6 9. d4 Bb7 10. dxe5 dxe5 11. Bd5 Bd6 12. Nb5 Re8 13. Nd2 a6 14. Nxd6 Qxd6 15. Nc4 Qe7 16. Qf3 Nxd5 17. exd5 Nd4 18. Qd3 f6 19. c3 Nb5 20. f4 e4 21. Rxe4 Qf8 22. Be3 Rxe4 23. Qxe4 Qe8 24. Qxe8+ Rxe8 25. Rd1 Re4 26. b3 Nxc3 27. d6 cxd6 28. Rxd6 b5 29. Rd4 Ne2+ 30. Kf2 Nxd4 31. Nd6 1/2-1/2

[Event "GER-chT U12"]
[Site "Seifhennersdorf"]
[Date "2001.12.29"]
[Round "6.4"]
[White "Ries, Carlos"]
[Black "Kindler, Nico"]
[Result "0-1"]
[WhiteElo "800"]
[BlackElo "1324"]
[PlyCount "66"]
[EventDate "2001.12.27"]
[EventType "team"]
[EventRounds "7"]
[EventCountry "GER"]
[SourceTitle "EXT 2003"]
[Source "ChessBase"]
[SourceDate "2002.11.25"]
[SourceVersion "1"]
[SourceVersionDate "2002.11.25"]
[SourceQuality "1"]

1. e4 e5 2. Nf3 Nc6 3. Nc3 Bc5 4. Bb5 d6 5. d3 Bd7 6. 0-0 Nf6 7. Bxc6 Bxc6 8. d4 Bb4 9. Bg5 Bxc3 10. bxc3 Bxe4 11. Re1 Bd5 12. Bxf6 Bxf3 13. Qxf3 Qxf6 14. Qxf6 gxf6 15. a4 0-0-0 16. a5 a6 17. dxe5 fxe5 18. g3 Rhg8 19. Kf1 Rg4 20. h3 Rc4 21. Re3 Rf8 22. Ra3 f5 23. g4 fxg4 24. hxg4 Rxg4 25. f3 Rgf4 26. Kf2 e4 27. c4 Rxf3+ 28. Rxf3 Rxf3+ 29. Rxf3 exf3 30. Kxf3 Kd7 31. Kg4 Ke7 32. Kh5 Ke6 33. Kh6 Ke5 0-1